000 00381nam a22001697a 4500
003 OSt
008 230508b |||||||| |||| 00| 0 eng d
020 _a9789391381994
082 _a005.133 KAL
100 _aKANETKAR,Yashavant
245 _aLet us C
250 _a18th Ed
260 _aNew Delhi
_bBPB
_c2022
300 _a490
650 _aDecentralization
942 _2ddc
_cREF
999 _c11991
_d11991